Calatoriile lui Gulliver (Запис номер 490097)
[ съкратено ]
| 000 -Лидер | |
|---|---|
| Контролно поле с фиксирана дължина | nam a22 a 4500 |
| 003 - Код на организацията, давaща контролен номер | |
| Контролно поле | BLK |
| 005 - Дата и час на последна редакция | |
| Контролно поле | 20230324131751.0 |
| 008 - Елементи от данни с фиксирана дължина | |
| fixed length control field | 230324b bu |||||r|||| 00| | bu d |
| 020 ## - Международен стандартен номер на книга ISBN | |
| Международен стандартен номер на книга ISBN | 9789731999814 |
| 040 ## - Източник на каталожния запис | |
| Идентификатор на билиотеката - собственик на записа | BLK |
| 041 ## - Код за език | |
| Код за езика на текст/звукозапис или на отделно заглавие | Румънски |
| Код за езика КДБФ | Други |
| 080 ## - УДК | |
| Текстов определител УДК | Английска литература |
| УДК код - определител по УДК | 821.111 |
| УДК определител | -31 |
| УДК - код + определител | 821.111-31 |
| 100 1# - Редна дума - Автор | |
| R(LIN) | 25737 |
| Автор | Swift, Jonathan |
| 139 ## - Редно поле | |
| Редна дума | Swift, Jonathan |
| 245 ## - Сведения за заглавието | |
| Заглавие | Calatoriile lui Gulliver |
| Редно поле (дума) | Jonathan Swift ; trad. de Leon D. Levitchi. |
| 260 ## - Област на издателските данни | |
| 9 (RLIN) | 216607 |
| Място на издаване, разпространение и проч. | Bucuresti |
| Име на издателя, разпространителя и проч. | Adevarul |
| Година на издаване | 2009 |
| Издателство - префикс ISBN | 978-606- ; 978-973- |
| 300 ## - Физическа характеристика | |
| Страници | 350 p. |
| Размери/Мащаб | 20 cm |
| 380 ## - Жанр | |
| Жанр | Худож. лит. |
| 490 ## - СЕРИИ (Колекции) | |
| Име на серия | Biblioteca Adevarul |
| 9 (RLIN) | 486986 |
| 490 ## - СЕРИИ (Колекции) | |
| Име на серия | 100 de opere esentiale |
| 9 (RLIN) | 487022 |
| №: серия | 36 |
| 500 ## - Общи забележки | |
| Забележка | Ориг. загл.: Gulliver's Travels / Jonathan Swift. |
| 700 1# - Други автори (авторска отговорност) | |
| 9 (RLIN) | 16909 |
| Лично име | Levitchi, Leon |
| Автороска отговорност (Описва отношението между автора и произведението) | trad. |
| 856 ## - Електронен адрес и достъп | |
| Инструкция (цена за достъп) | 0.00 |
| Права за достъп | disable |
| 999 ## - СИСТЕМНИ КОНТРОЛНИ НОМЕРА | |
| Koha biblionumber | 490097 |
| Koha biblioitemnumber | 490097 |
| 942 ## - АРТИКУЛИ | |
| Вид на библиотечния материал | Книги |
| Скрит в OPAC | Не |
| Периодичен библиозапис | Да |
| 944 ## - СЪЗДАВАНЕ И РЕДАКЦИЯ на ЗАПИСА | |
| Създаване/Редакция | Създаване |
| Дата на регистрацията/редакция | 2023-03-24 |
| Служител, извършил регистрацията/редакцията | Кети |
| Код за отписване | Код за изгубен артикул | Източник на класификационната схема | Код за повреда | Коз за рестрикции | Код за отдаване | Артикулен № | Име на библиотеката - собственик | Име на библиотеката, в която се намира в момента | Статус (Текущо местоположение) | Дата на вписване в системата | Местоположение - отдел | Цена в лева | Инвентарен номер | Систематично азбучна сигнатура | Баркод | Цена в евро | Служебен тип на артикула |
|---|---|---|---|---|---|---|---|---|---|---|---|---|---|---|---|---|---|
| Не е изгубен | Universal Decimal Classification | Не е повреден | без рестрикции | заемане за дома | 926116 | Регионална библиотека "Любен Каравелов" Русе | Регионална библиотека "Любен Каравелов" Русе | Заемна - подръчен фонд | 2023-03-30 | Заемна - подръчен фонд | 15.00 | 120000885427 | 821-31/S 97 J | 120000885427 | 7.67 | Книги |